000 00873cam a2200253 a 4500
001 000007451
005 20260317133557.0
008 970226s1996 ck b 000 0 spa
020 _a9586122514
040 _aDO-SdBNP
_bspa
_cLC
_dBNPHU
082 _a526
_bR579m
100 1 _aRincón, Carlos,
_d1940-
_920718
245 1 0 _aMapas y pliegues :
_bensayos de cartografía cultural y de lectura de neobarroco /
_cCarlos Rincón.
260 _aBogotá :
_bColcultura,
_c1996.
300 _avi, 266 p. ;
_c21 cm.
586 _aPremios Nacionales de Cultura 1995
650 4 _aCartografía
_xEnsayos, conferencias, etc.
_920719
650 4 _aArte barroco
_xEnsayos, conferencias, etc
_920720
650 4 _aLiteratura
_xEnsayos, conferencias, etc
_98705
650 0 _aCultura
_989224
650 4 _aPostmodernismo
_920721
910 _aCatalogación por copia / LC
049 _aBNGR
999 _c7232
_d7232